| 000 | 00541nam a2200229Ia 4500 | ||
|---|---|---|---|
| 008 | 210210b1947 xxu||||| |||| 00| 0 eng d | ||
| 041 | _aeng | ||
| 082 | _a383/168 | ||
| 100 | _aSTEINDL (Joseph) | ||
| 245 | _aSmall and big business: economic problems of the size of firms | ||
| 260 |
_aOxford _bBasil Blackwell _c1947 |
||
| 300 | _av,66 | ||
| 650 | _aSmall | ||
| 650 | _asize | ||
| 650 | _aproblems | ||
| 650 | _afirms | ||
| 650 | _aeconomic | ||
| 650 | _abusiness: | ||
| 650 | _abig | ||
| 690 | _aBusiness | ||
| 906 | _a005364 | ||
| 999 |
_c125420 _d125420 |
||